Dakshiṇāyana : (Record no. 65995)
[ view plain ]
| 000 -LEADER | |
|---|---|
| fixed length control field | 00816cam a22002414a 4500 |
| 001 - CONTROL NUMBER | |
| control field | sa 65009028 |
| 003 - CONTROL NUMBER IDENTIFIER | |
| control field | DLC |
| 005 - DATE AND TIME OF LATEST TRANSACTION | |
| control field | 20260227112159.0 |
| 008 - FIXED-LENGTH DATA ELEMENTS--GENERAL INFORMATION | |
| fixed length control field | 820317s1941 ii af 000 0dgujo |
| 010 ## - LIBRARY OF CONGRESS CONTROL NUMBER | |
| LC control number | sa 65009028 |
| 040 ## - CATALOGING SOURCE | |
| Original cataloging agency | DLC |
| Transcribing agency | DLC |
| 043 ## - GEOGRAPHIC AREA CODE | |
| Geographic area code | a-ii--- |
| 050 00 - LIBRARY OF CONGRESS CALL NUMBER | |
| Classification number | PK1859.L8 |
| Item number | Z46 1941 |
| 100 0# - MAIN ENTRY--PERSONAL NAME | |
| Personal name | Sundaram, |
| Dates associated with a name | 1908-1991. |
| 245 10 - TITLE STATEMENT | |
| Title | Dakshiṇāyana : |
| Remainder of title | Dakshiṇa Hindano eka pravāsa / |
| Statement of responsibility, etc. | Tribhuvanadāsa Pu. Luhāra. |
| 250 ## - EDITION STATEMENT | |
| Edition statement | 1. āvr̥tti. |
| 260 ## - PUBLICATION, DISTRIBUTION, ETC. | |
| Place of publication, distribution, etc. | Mumbaī : |
| Name of publisher, distributor, etc. | Sola ejanṭsa Āra. Āra. Śeṭhani Kaṃ., |
| Date of publication, distribution, etc. | 1994 [1941] |
| 300 ## - PHYSICAL DESCRIPTION | |
| Extent | 14, 267 p., [8] p.of plates : |
| Other physical details | ill. ; |
| Dimensions | 19 cm. |
| 490 0# - SERIES STATEMENT | |
| Series statement | Śrī Sayājī sāhityamālā ; |
| Volume/sequential designation | pushpa 276 muṃ |
| 546 ## - LANGUAGE NOTE | |
| Language note | In Gujarati. |
| 600 00 - SUBJECT ADDED ENTRY--PERSONAL NAME | |
| Personal name | Sundaram, |
| Dates associated with a name | 1908-1991 |
| General subdivision | Travel |
| Geographic subdivision | India, South. |
| 651 #0 - SUBJECT ADDED ENTRY--GEOGRAPHIC NAME | |
| Geographic name | India, South |
| General subdivision | Description and travel. |
No items available.